01083nam a22002537a 450000500170000001000130001702000110003003500130004103700160005404000120007008200160008210000230009824503620012125000120048326000360049527000310053130000240056250000210058665000330060765000130064094200250065399900190067895201320069720170124110226.0 aA-387361 c275.00 aA-387361 bCen Lib/Ret aDPLbEN a344.05bRAM aRamakrishna940758 aA treatise on anti-corruption laws in India : with exhaustive commentaries on the Prevention of Corruption Act, 1988 :cby P. V. Ramakrishnab : the Dehli Special Police Establishment Act, 1946, the Criminal Law Amendment Ordinence, 1944, offenses of conspiracy, attempt and abetment which are punishable under the Indian Penal Code, and other allied acts/  a3rd ed. aHyderabadbAsia Law Housec1989 aOpp. High CourtbHyderabad axcv,966p.c23cm(Hb) aIncludes index  aAnti-corruptions Laws940759 aLaw9104 2ddccENh344.05mRAM c134449d134449 001040718REFaLbLd2015-07-30eCen Lib/Retg275.00l0o344.05 RAMpA-387361r2015-07-30 00:00:00t1v275.00w2015-07-30yEN